The informal sector in Vietnam : A focus on Hanoi and Ho Chi Minh City
This book provide information on the information sector in Vietnam, with a spotlight on Hanoi and HCMC, for example weight in the economy, sector-based structure and unit size; the manpower’s characteristics; working conditions; productivity and incomes.
保存先:
| フォーマット: | 図書 |
|---|---|
| 言語: | Undetermined |
| 出版事項: |
Hà Nội
Thế Giới Editions
2010
|
| 主題: | |
| タグ: |
タグ追加
タグなし, このレコードへの初めてのタグを付けませんか!
|
| Thư viện lưu trữ: | Trung tâm Học liệu Trường Đại học Cần Thơ |
|---|
| LEADER | 00988nam a2200217Ia 4500 | ||
|---|---|---|---|
| 001 | CTU_157559 | ||
| 008 | 210402s9999 xx 000 0 und d | ||
| 082 | |a 338.6422 | ||
| 082 | |b I.43 | ||
| 245 | 4 | |a The informal sector in Vietnam : | |
| 245 | 2 | |b A focus on Hanoi and Ho Chi Minh City | |
| 245 | 0 | |c Cling Jean-Pierre ... [et al.] | |
| 260 | |a Hà Nội | ||
| 260 | |b Thế Giới Editions | ||
| 260 | |c 2010 | ||
| 520 | |a This book provide information on the information sector in Vietnam, with a spotlight on Hanoi and HCMC, for example weight in the economy, sector-based structure and unit size; the manpower’s characteristics; working conditions; productivity and incomes. | ||
| 650 | |a Informal sector (Economics),Urban economics | ||
| 650 | |x Kinh tế thành thị,Khu vực kinh tế không chính thức | ||
| 650 | |z Vietnam,Việt Nam,Vietnam,Việt Nam | ||
| 904 | |i Trọng Hiếu | ||
| 980 | |a Trung tâm Học liệu Trường Đại học Cần Thơ | ||